000 00826nam a22002297a 4500
003 0
005 20250129104731.0
008 150928b xxu||||| |||| 00| 0 eng d
050 _aPGS TP 339
_b.R175 2015
100 _aRamos, Gavin Joshua Luistro.
245 _aThe use of cooking oil as an alternative fuel for oil lamp /
_cGavin Joshua Luistro Ramos.
260 _aLas PiƱas City, Philippines :
_bSouthville International School and Colleges,
_c2015.
300 _a14 p. :
_bill. ;
_c27 cm.
504 _aIncludes bibliographical references.
650 _aCooking oil as fuel.
650 _aAlternative fuels.
650 _aRenewable energy sources.
650 _aSustainable energy solutions.
650 _aHousehold lighting
_vFuel alternatives.
650 _aOil lamps
_vFuel alternatives.
942 _2lcc
_cPASS
999 _c288754
_d288754